Sports Quiz

Random Sports or Canada Quiz

NHL Captains on Team Canada Quiz Stats

Quiz not verified by Sporcle

Challenge
Share
Tweet
Embed
Score 0/9 Timer 03:00
0 Plays Today
Captain Player % Correct
Eastern ConferenceSidney Crosby
94.8%
Western Conference Jonathan Toews
81.2%
Western ConferenceJarome Iginla
78.4%
Eastern Conference Mike Richards
68.2%
Western ConferenceScott Niedermayer
67.6%
Western ConferenceRick Nash
65.8%
Eastern ConferenceEric Staal
61.1%
Western ConferenceBrenden Morrow
57.4%
Western ConferenceRoberto Luongo
57.1%

You're not logged in!

Compare scores with friends on all Sporcle quizzes.
Sign Up with Email
OR
Log In

You Might Also Like...

Show Comments

Extras

Top Quizzes Today


Score Distribution

Your Account Isn't Verified!

In order to create a playlist on Sporcle, you need to verify the email address you used during registration. Go to your Sporcle Settings to finish the process.